[Event "ZH-2023-0-02247"]
[Site "LSS email"]
[Date "2023.04.09"]
[Round "?"]
[White "Ozen, Bahadir"]
[Black "Hillebrand, Carsten"]
[Result "1/2-1/2"]
[WhiteElo "2268"]
[BlackElo "2177"]
[PlyCount "41"]
[EventDate "2023.04.09"]
[EventType "match (corr)"]
[EventRounds "2"]
[EventCountry "GER"]
[SourceTitle "Corr 2024"]
[Source "ChessBase"]
[SourceDate "2023.10.19"]
[SourceVersion "1"]
[SourceVersionDate "2023.10.19"]
[SourceQuality "1"]

1. e4 e5 2. Nf3 Nc6 3. Bc4 Nf6 4. d3 Bc5 5. c3 d6 6. 0-0 0-0 7. h3 h6 8. Re1 Bb6 9. Nbd2 Ne7 10. b4 Ng6 11. d4 d5 12. exd5 exd4 13. cxd4 Nxd5 14. Ne4 c6 15. a4 Bc7 16. Bd2 Ndf4 17. b5 Be6 18. Bxf4 Nxf4 19. Bxe6 Nxe6 20. bxc6 bxc6 21. Rc1 1/2-1/2

[Event "ZH-2023-0-02188"]
[Site "LSS email"]
[Date "2023.03.06"]
[Round "?"]
[White "Ozen, Bahadir"]
[Black "Hillebrand, Carsten"]
[Result "1/2-1/2"]
[WhiteElo "2249"]
[BlackElo "2177"]
[PlyCount "39"]
[EventDate "2023.03.06"]
[EventType "match (corr)"]
[EventRounds "2"]
[EventCountry "GER"]
[SourceTitle "Corr 2024"]
[Source "ChessBase"]
[SourceDate "2023.10.19"]
[SourceVersion "1"]
[SourceVersionDate "2023.10.19"]
[SourceQuality "1"]

1. d4 Nf6 2. c4 e6 3. Nf3 Bb4+ 4. Bd2 a5 5. g3 d6 6. Bg2 Nbd7 7. 0-0 e5 8. Nc3 0-0 9. Qc2 Re8 10. e4 exd4 11. Nxd4 Ne5 12. b3 a4 13. Rad1 axb3 14. axb3 Bd7 15. h3 Nc6 16. Nde2 Bc5 17. Bc1 Ra1 18. Qb2 Ra6 19. Kh2 h5 20. Kh1 1/2-1/2

[Event "ZH-2022-0-02018"]
[Site "LSS email"]
[Date "2022.04.19"]
[Round "?"]
[White "Ozen, Bahadir"]
[Black "Hillebrand, Carsten"]
[Result "1/2-1/2"]
[WhiteElo "2258"]
[BlackElo "2174"]
[PlyCount "51"]
[EventDate "2022.04.19"]
[EventType "match (corr)"]
[EventRounds "2"]
[EventCountry "GER"]
[SourceTitle "Corr 2024"]
[Source "ChessBase"]
[SourceDate "2023.10.19"]
[SourceVersion "1"]
[SourceVersionDate "2023.10.19"]
[SourceQuality "1"]

1. e4 c5 2. Nf3 g6 3. c4 Bg7 4. d4 cxd4 5. Nxd4 Nc6 6. Be3 Qb6 7. Nb3 Qd8 8. Qd2 d6 9. Nc3 Nf6 10. Be2 a5 11. 0-0 a4 12. Nd4 Nxd4 13. Bxd4 0-0 14. b4 axb3 15. axb3 Rxa1 16. Rxa1 Be6 17. Ra7 Qb8 18. Qe3 Re8 19. h3 Nd7 20. Bxg7 Kxg7 21. Qd4+ Kg8 22. f4 f6 23. b4 Kg7 24. h4 Bf7 25. h5 e5 26. fxe5 1/2-1/2

[Event "SM-2020-0-00426"]
[Site "LSS email"]
[Date "2020.04.12"]
[Round "?"]
[White "Willmann, Bernd"]
[Black "Hillebrand, Carsten"]
[Result "1/2-1/2"]
[WhiteElo "2348"]
[BlackElo "2155"]
[PlyCount "77"]
[EventDate "2020.03.28"]
[EventType "tourn (corr)"]
[EventRounds "6"]
[EventCountry "GER"]
[SourceTitle "Corr 2022"]
[Source "ChessBase"]
[SourceDate "2021.10.24"]
[SourceVersion "1"]
[SourceVersionDate "2021.10.24"]
[SourceQuality "1"]

1. e4 c5 2. Nf3 g6 3. d4 cxd4 4. Nxd4 Bg7 5. Nc3 Nc6 6. Be3 Nf6 7. Bc4 Qa5 8. 0-0 0-0 9. h3 d6 10. Nd5 Qd8 11. Nxf6+ Bxf6 12. c3 Bd7 13. Nc2 Bg7 14. f4 Rb8 15. Qd2 b5 16. Bb3 a5 17. a3 Be6 18. Bd5 Qd7 19. Rad1 b4 20. f5 gxf5 21. axb4 axb4 22. Bxc6 Qxc6 23. exf5 Bc4 24. Rf4 bxc3 25. bxc3 Kh8 26. Bd4 Be5 27. f6 exf6 28. Rxf6 Be6 29. Re1 Qc7 30. Qf4 Bxf4 31. Rxf7+ Kg8 32. Rxc7 Rf7 33. Rxf7 Bxf7 34. Re4 Rb1+ 35. Kf2 Rb2 36. Rxf4 Rxc2+ 37. Kg3 Bd5 38. Rg4+ Kf8 39. Kh2 1/2-1/2

[Event "SA-2020-0-00720"]
[Site "LSS email"]
[Date "2020.04.04"]
[Round "?"]
[White "Boni, Roberto"]
[Black "Hillebrand, Carsten"]
[Result "1/2-1/2"]
[WhiteElo "2182"]
[BlackElo "2153"]
[PlyCount "62"]
[EventDate "2020.02.23"]
[EventType "tourn (corr)"]
[EventRounds "6"]
[EventCountry "GER"]
[SourceTitle "Corr 2022"]
[Source "ChessBase"]
[SourceDate "2021.10.24"]
[SourceVersion "1"]
[SourceVersionDate "2021.10.24"]
[SourceQuality "1"]

1. e4 c5 2. Nf3 g6 3. d4 cxd4 4. Nxd4 Bg7 5. c4 Nc6 6. Be3 Nf6 7. Nc3 0-0 8. Be2 d6 9. 0-0 Bd7 10. f3 Nxd4 11. Bxd4 a5 12. b3 Bc6 13. Qd2 Nd7 14. Bf2 Nc5 15. Rad1 Qd7 16. Rfe1 b6 17. Bf1 Rfd8 18. Qc1 Qb7 19. Qe3 Rac8 20. Rd2 Rf8 21. Nd5 Rfe8 22. Nc3 h5 23. Rb1 Kh7 24. Rdd1 Qc7 25. Nd5 Qb7 26. Qg5 Rb8 27. Qd2 Red8 28. Qf4 Rf8 29. Qd2 Rfd8 30. Nc3 Qc8 31. Ne2 Bh6 1/2-1/2

[Event "SA-2020-0-00720"]
[Site "LSS email"]
[Date "2020.04.04"]
[Round "?"]
[White "Hillebrand, Carsten"]
[Black "Schleef, Harald"]
[Result "1/2-1/2"]
[WhiteElo "2153"]
[BlackElo "2005"]
[PlyCount "93"]
[EventDate "2020.02.23"]
[EventType "tourn (corr)"]
[EventRounds "6"]
[EventCountry "GER"]
[SourceTitle "Corr 2022"]
[Source "ChessBase"]
[SourceDate "2021.10.24"]
[SourceVersion "1"]
[SourceVersionDate "2021.10.24"]
[SourceQuality "1"]

1. d4 d5 2. Nf3 Nf6 3. g3 Bf5 4. Bg2 e6 5. c4 c6 6. Nc3 Nbd7 7. Qb3 Qb6 8. c5 Qxb3 9. axb3 Be7 10. b4 a6 11. h3 h6 12. g4 Bc2 13. Bf4 g5 14. Bc7 Rc8 15. Bg3 0-0 16. Nd2 Rce8 17. e3 Kg7 18. Ne2 Rh8 19. f3 Bd8 20. Bd6 e5 21. Kf2 Bg6 22. Nb3 h5 23. Na5 Bxa5 24. bxa5 Bd3 25. Ng3 h4 26. Nf5+ Bxf5 27. gxf5 exd4 28. exd4 Nh5 29. Rhg1 Kf6 30. Bf1 Ng3 31. Bxg3 hxg3+ 32. Rxg3 Kxf5 33. Rg4 Nf8 34. Bd3+ Kf6 35. Rh1 Ng6 36. Bxg6 Kxg6 37. Rhg1 f6 38. h4 Re6 39. hxg5 f5 40. R4g2 Re7 41. Rd1 f4 42. Rdg1 Rhe8 43. Rg4 Re2+ 44. Kf1 Rxb2 45. Rxf4 Ree2 46. Rf6+ Kg7 47. Rg4 1/2-1/2

[Event "ZH-2019-0-01813"]
[Site "LSS email"]
[Date "2019.11.11"]
[Round "?"]
[White "Eman, Juan"]
[Black "Hillebrand, Carsten"]
[Result "1/2-1/2"]
[WhiteElo "2252"]
[BlackElo "2164"]
[PlyCount "113"]
[EventDate "2019.10.28"]
[EventType "match (corr)"]
[EventRounds "2"]
[EventCountry "GER"]
[SourceTitle "Corr 2022"]
[Source "ChessBase"]
[SourceDate "2021.10.24"]
[SourceVersion "1"]
[SourceVersionDate "2021.10.24"]
[SourceQuality "1"]

1. Nf3 Nf6 2. g3 g6 3. Bg2 Bg7 4. 0-0 0-0 5. d4 d6 6. c4 Nc6 7. Nc3 a6 8. e4 Bg4 9. Be3 Nd7 10. Qd2 Bxf3 11. Bxf3 e5 12. dxe5 dxe5 13. Bg2 Nb6 14. b3 Qxd2 15. Bxd2 Nd4 16. Nd5 Nxd5 17. cxd5 a5 18. Rfd1 a4 19. b4 c6 20. Kf1 Rfe8 21. Rac1 cxd5 22. exd5 Bf8 23. Rc7 Rab8 24. Bg5 Kg7 25. Bh3 Bd6 26. Rd7 Bxb4 27. Rb1 h6 28. Be3 Bc5 29. Rbxb7 Rxb7 30. Rxb7 a3 31. Bg2 h5 32. Be4 Rc8 33. h4 Kf8 34. Bg5 f5 35. Bd3 e4 36. Ba6 Ra8 37. Bb5 Nxb5 38. Rxb5 Rc8 39. Bf4 Ke8 40. d6 Kd7 41. Rb7+ Ke6 42. Rg7 Rd8 43. Rxg6+ Kd5 44. Rf6 Bxd6 45. Rxf5+ Kc4 46. Be3 Rb8 47. Rf6 Bb4 48. Rc6+ Kd3 49. Kg2 Rb5 50. g4 hxg4 51. Kg3 Bc3 52. Bf4 Bd4 53. Ra6 Ke2 54. Rxa3 Rb1 55. Kxg4 Kxf2 56. Ra4 Rd1 57. h5 1/2-1/2

[Event "WC-2019-S-00005"]
[Site "LSS email"]
[Date "2019.08.28"]
[Round "?"]
[White "Hillebrand, Carsten"]
[Black "Tyutyunnik, Roman"]
[Result "1/2-1/2"]
[WhiteElo "2157"]
[BlackElo "2192"]
[PlyCount "37"]
[EventDate "2019.09.01"]
[EventType "tourn (corr)"]
[EventRounds "12"]
[EventCountry "GER"]
[SourceTitle "Corr 2024"]
[Source "ChessBase"]
[SourceDate "2023.10.19"]
[SourceVersion "1"]
[SourceVersionDate "2023.10.19"]
[SourceQuality "1"]

1. c4 Nf6 2. g3 c6 3. Nf3 d5 4. Bg2 dxc4 5. 0-0 Nbd7 6. Na3 Nb6 7. Qc2 Be6 8. Ng5 Bg4 9. Nxc4 Bxe2 10. Ne5 Bh5 11. Re1 h6 12. Ne4 e6 13. Nxf6+ gxf6 14. Bxc6+ bxc6 15. Qxc6+ Ke7 16. Qb7+ Ke8 17. Qc6+ Ke7 18. Qb7+ Ke8 19. Qc6+ 1/2-1/2

[Event "SA-2019-0-00696"]
[Site "LSS email"]
[Date "2019.08.11"]
[Round "?"]
[White "Hillebrand, Carsten"]
[Black "Koch, Christian"]
[Result "1/2-1/2"]
[WhiteElo "2140"]
[BlackElo "2301"]
[PlyCount "28"]
[EventDate "2019.07.28"]
[EventType "tourn (corr)"]
[EventRounds "6"]
[EventCountry "GER"]
[SourceTitle "Corr 2022"]
[Source "ChessBase"]
[SourceDate "2021.10.24"]
[SourceVersion "1"]
[SourceVersionDate "2021.10.24"]
[SourceQuality "1"]

1. c4 Nf6 2. g3 e5 3. Bg2 d5 4. cxd5 Nxd5 5. Nf3 Nc6 6. 0-0 Nb6 7. a3 Be7 8. d3 0-0 9. b4 Bf6 10. Ra2 Nd4 11. Nxd4 exd4 12. Nd2 Be6 13. Ra1 Bd5 14. Ne4 Be7 1/2-1/2

[Event "Ruhrgebiet Regionalliga 1819"]
[Site "Nordrheinwestfalen"]
[Date "2019.05.19"]
[Round "10.4"]
[White "Hillebrand, Carsten"]
[Black "Becker, Marco"]
[Result "1/2-1/2"]
[WhiteElo "1945"]
[BlackElo "1909"]
[PlyCount "38"]
[EventDate "2018.09.02"]
[EventType "team-tourn"]
[EventRounds "11"]
[EventCountry "GER"]
[SourceTitle "EXT 2022"]
[Source "ChessBase"]
[SourceDate "2021.10.06"]
[SourceVersion "1"]
[SourceVersionDate "2021.10.06"]
[SourceQuality "1"]
[WhiteTeam "Dortmund Hansa II"]
[BlackTeam "Horst Emscher"]
[WhiteTeamCountry "GER"]
[BlackTeamCountry "GER"]

1. c4 e5 2. g3 c6 3. d4 Bb4+ 4. Bd2 Bxd2+ 5. Qxd2 d6 6. Bg2 Nf6 7. Nc3 0-0 8. e3 Qc7 9. Nge2 Nbd7 10. 0-0 Re8 11. Rac1 a6 12. Rfd1 Rb8 13. a4 b6 14. h3 Bb7 15. g4 Nf8 16. Ng3 Rbd8 17. d5 c5 18. Qc2 Ng6 19. Nf5 Bc8 1/2-1/2

[Event "SA-2019-0-00670"]
[Site "LSS email"]
[Date "2019.02.13"]
[Round "?"]
[White "Wernikiewicz, Zbigniew"]
[Black "Hillebrand, Carsten"]
[Result "1/2-1/2"]
[WhiteElo "2261"]
[BlackElo "2148"]
[PlyCount "80"]
[EventDate "2019.01.24"]
[EventType "tourn (corr)"]
[EventRounds "6"]
[EventCountry "GER"]
[SourceTitle "Corr 2022"]
[Source "ChessBase"]
[SourceDate "2021.10.24"]
[SourceVersion "1"]
[SourceVersionDate "2021.10.24"]
[SourceQuality "1"]

1. e4 c5 2. Nf3 Nc6 3. d4 cxd4 4. Nxd4 e5 5. Nb5 d6 6. N1c3 a6 7. Na3 Be7 8. Nc4 b5 9. Ne3 Nf6 10. Bd3 0-0 11. 0-0 Rb8 12. Re1 Nd4 13. f3 Re8 14. Kh1 Nh5 15. g3 Qd7 16. Bf1 Nf6 17. Ncd5 Nxd5 18. Nxd5 Ne6 19. Bd2 Bd8 20. Bb4 Nd4 21. Bc3 Ne6 22. a3 Nc5 23. Bb4 Qc6 24. c4 bxc4 25. Bxc4 a5 26. Bxc5 Qxc5 27. Qc2 Bb6 28. b4 axb4 29. axb4 Qf2 30. Qxf2 Bxf2 31. Rec1 Kf8 32. Rab1 Rd8 33. b5 Bd7 34. Be2 Rdc8 35. Kg2 Bd4 36. h4 h5 37. g4 hxg4 38. fxg4 Rxc1 39. Rxc1 Be6 40. Rc6 Bxd5 1/2-1/2

[Event "SA-2019-0-00661"]
[Site "LSS email"]
[Date "2019.01.04"]
[Round "?"]
[White "Koch, Christian"]
[Black "Hillebrand, Carsten"]
[Result "1/2-1/2"]
[WhiteElo "2307"]
[BlackElo "2132"]
[PlyCount "109"]
[EventDate "2018.11.11"]
[EventType "tourn (corr)"]
[EventRounds "6"]
[EventCountry "GER"]
[SourceTitle "Corr 2022"]
[Source "ChessBase"]
[SourceDate "2021.10.24"]
[SourceVersion "1"]
[SourceVersionDate "2021.10.24"]
[SourceQuality "1"]

1. e4 c5 2. Nf3 g6 3. c4 Nc6 4. d4 cxd4 5. Nxd4 Bg7 6. Be3 Nf6 7. Nc3 Ng4 8. Qxg4 Nxd4 9. Qd1 e5 10. Bd3 d6 11. 0-0 0-0 12. b3 Be6 13. Qd2 Qd7 14. Rfd1 Rac8 15. Rac1 a6 16. Bf1 Bg4 17. Re1 Qd8 18. Rb1 Be6 19. Ne2 Nxe2+ 20. Bxe2 Qd7 21. Red1 Rc6 22. Bf3 Rfc8 23. a4 Qe7 24. h3 h5 25. a5 Bf6 26. Be2 Qd7 27. Rb2 Bd8 28. Qb4 Bc7 29. Rbd2 Qd8 30. Qa3 Qe7 31. Qa4 Rb8 32. Rd5 Kh7 33. Qa3 Qf8 34. R5d3 Qe7 35. Ba7 Ra8 36. Be3 Rb8 37. Qa2 Bd8 38. Bf3 Kg7 39. Ra1 Rbc8 40. Bc1 Kg8 41. Qd2 b5 42. axb6 Bxb6 43. Ra2 a5 44. Be2 Qh4 45. Rf3 Qd8 46. Rg3 Qf6 47. Bd1 Ra8 48. Kh2 Qh8 49. Rf3 Qg7 50. Ra4 Qf8 51. Rd3 Qe7 52. Rg3 Qf6 53. Ra2 Qh8 54. Rf3 Qg7 55. Ra4 1/2-1/2

[Event "ZH-2018-0-01729"]
[Site "LSS email"]
[Date "2018.12.02"]
[Round "?"]
[White "Misericordia, Antonio"]
[Black "Hillebrand, Carsten"]
[Result "1/2-1/2"]
[WhiteElo "2377"]
[BlackElo "2137"]
[PlyCount "129"]
[EventDate "2018.11.07"]
[EventType "match (corr)"]
[EventRounds "2"]
[EventCountry "GER"]
[SourceTitle "Corr 2022"]
[Source "ChessBase"]
[SourceDate "2021.10.24"]
[SourceVersion "1"]
[SourceVersionDate "2021.10.24"]
[SourceQuality "1"]

1. b3 e5 2. Bb2 Nc6 3. e3 Nf6 4. Nf3 e4 5. Nd4 Nxd4 6. Bxd4 Be7 7. c4 0-0 8. Qc2 b6 9. Nc3 Bb7 10. Rd1 Re8 11. Be2 Bd6 12. d3 Re6 13. Bxf6 exd3 14. Bxd3 Qxf6 15. Nd5 Qh6 16. g3 c6 17. Nc3 Bb4 18. 0-0 Bxc3 19. Qxc3 Qh5 20. e4 c5 21. f3 Rae8 22. Qd2 Qe5 23. Rfe1 Bc6 24. f4 Qd4+ 25. Qf2 Qxf2+ 26. Kxf2 Kf8 27. e5 Rh6 28. Kg1 d6 29. Bf5 dxe5 30. fxe5 Rh5 31. Bd7 Bxd7 32. Rxd7 Rhxe5 33. Rxe5 Rxe5 34. Rxa7 Re2 35. a4 h5 36. Ra6 Re6 37. a5 bxa5 38. Rxa5 Rc6 39. Kf2 Ke7 40. Kf3 Kd6 41. Ke4 Ke6 42. h3 f6 43. Rb5 g6 44. h4 g5 45. Kf3 Kd6 46. Ke3 Ke7 47. Kf3 Kd6 48. Ke4 Ke6 49. Ke3 Ke7 50. Kd3 Kd6 51. b4 cxb4 52. Kd4 Kc7 53. Rxb4 Rd6+ 54. Ke4 Rd1 55. Rb5 Re1+ 56. Kd4 Rd1+ 57. Ke3 Re1+ 58. Kd4 Rd1+ 59. Ke3 Re1+ 60. Kf2 Re4 61. hxg5 fxg5 62. Rxg5 h4 63. Ra5 hxg3+ 64. Kf1 Rxc4 65. Kg2 1/2-1/2

[Event "ZH-2018-0-01726"]
[Site "LSS email"]
[Date "2018.11.10"]
[Round "?"]
[White "Jarabinsky, Martin"]
[Black "Hillebrand, Carsten"]
[Result "1/2-1/2"]
[WhiteElo "2290"]
[BlackElo "2137"]
[PlyCount "127"]
[EventDate "2018.11.05"]
[EventType "match (corr)"]
[EventRounds "2"]
[EventCountry "GER"]
[SourceTitle "Corr 2022"]
[Source "ChessBase"]
[SourceDate "2021.10.24"]
[SourceVersion "1"]
[SourceVersionDate "2021.10.24"]
[SourceQuality "1"]

1. Nf3 Nf6 2. d4 g6 3. c4 Bg7 4. Nc3 0-0 5. e4 d6 6. Be2 e5 7. d5 a5 8. Bg5 h6 9. Be3 Ng4 10. Bc1 f5 11. exf5 gxf5 12. g3 Na6 13. Nh4 Nc5 14. f3 Nf6 15. Be3 b6 16. Qc2 f4 17. Bd2 e4 18. fxe4 fxg3 19. hxg3 Qe8 20. e5 Qxe5 21. Bf4 Qe8 22. 0-0-0 Nfe4 23. Nb5 Bd7 24. Rde1 Qf7 25. Rhg1 Rae8 26. Kb1 Re7 27. Ref1 Bh3 28. Rf3 Bg4 29. Re3 Bd7 30. Rf3 Bg4 31. Re3 Bd7 32. Rf1 Bh3 33. Re1 Bf6 34. Rh1 Bd7 35. Ka1 Qg7 36. Bh5 Na4 37. Rxe4 Rxe4 38. Qxe4 Bxh4 39. Qg6 Bf6 40. Kb1 Qxg6+ 41. Bxg6 Bxb5 42. cxb5 Bg5 43. Bxg5 hxg5 44. a3 Rf3 45. Bc2 Nc5 46. g4 Nd3 47. Bxd3 Rxd3 48. Rc1 Rxd5 49. Rxc7 Rxb5 50. Rc6 Kf7 51. Rxd6 Ke7 52. Rc6 Kd7 53. Rg6 Ke7 54. Kc2 Rc5+ 55. Kb3 b5 56. Rb6 Re5 57. Ra6 Re3+ 58. Kc2 Re2+ 59. Kc3 a4 60. Rg6 Re3+ 61. Kc2 Re2+ 62. Kc3 Re3+ 63. Kc2 Re2+ 64. Kc3 1/2-1/2

[Event "ZH-2018-0-01725"]
[Site "LSS email"]
[Date "2018.11.08"]
[Round "?"]
[White "Morcin, Tom"]
[Black "Hillebrand, Carsten"]
[Result "0-1"]
[WhiteElo "2213"]
[BlackElo "2130"]
[PlyCount "90"]
[EventDate "2018.11.04"]
[EventType "match (corr)"]
[EventRounds "2"]
[EventCountry "GER"]
[SourceTitle "Corr 2022"]
[Source "ChessBase"]
[SourceDate "2021.10.24"]
[SourceVersion "1"]
[SourceVersionDate "2021.10.24"]
[SourceQuality "1"]

1. c4 Nf6 2. Nc3 g6 3. e4 d6 4. d4 Bg7 5. Nf3 0-0 6. Be2 e5 7. 0-0 Nc6 8. d5 Ne7 9. Ne1 Nd7 10. Be3 f5 11. f3 f4 12. Bf2 g5 13. Rc1 Ng6 14. Nd3 Nf6 15. c5 Rf7 16. Kh1 Bf8 17. Rg1 Rg7 18. a4 h5 19. a5 g4 20. cxd6 cxd6 21. b4 Bd7 22. Be1 Rh7 23. Nf2 g3 24. Nh3 Bh6 25. Ra1 h4 26. Bb5 Bc8 27. a6 Rb8 28. Qd3 Nf8 29. axb7 Rhxb7 30. Bc6 Rg7 31. Nb5 a6 32. Nc3 N8h7 33. b5 axb5 34. Nxb5 gxh2 35. Kxh2 Bxh3 36. Qa3 Nxe4 37. fxe4 f3 38. Qxf3 Bg4 39. Qa3 Bf4+ 40. Kh1 Qg5 41. Nxd6 Be3 42. Nc4 Bxg1 43. Kxg1 Be2 44. Qh3 Bxc4 45. Bd7 Qf4 0-1

[Event "SA-2018-0-00652"]
[Site "LSS email"]
[Date "2018.09.30"]
[Round "?"]
[White "Hillebrand, Carsten"]
[Black "Cvak, Rudolf"]
[Result "1/2-1/2"]
[WhiteElo "2114"]
[BlackElo "2362"]
[PlyCount "30"]
[EventDate "2018.09.02"]
[EventType "tourn (corr)"]
[EventRounds "6"]
[EventCountry "GER"]
[SourceTitle "Corr 2022"]
[Source "ChessBase"]
[SourceDate "2021.10.24"]
[SourceVersion "1"]
[SourceVersionDate "2021.10.24"]
[SourceQuality "1"]

1. e4 e5 2. Nf3 Nc6 3. Bc4 Nf6 4. d3 Bc5 5. 0-0 d6 6. c3 a6 7. a4 0-0 8. Bg5 h6 9. Bh4 g5 10. Bg3 Ba7 11. Nbd2 Nh7 12. h3 h5 13. Kh1 Kh8 14. b4 h4 15. Bh2 g4 1/2-1/2